Bobby Lashley's WrestleMania Opponents - Statistics

General Stats
  • This quiz has been taken 20 times
  • The average score is 8 of 13
Answer Stats
WrestleMania Opponent % Correct
WrestleMania XL Akam
80%
WrestleMania 37 Drew McIntyre
80%
WrestleMania XL Karrion Kross
80%
WrestleMania 38 Omos
80%
WrestleMania XL Rezar
80%
WrestleMania 22* Finlay
67%
WrestleMania 22* Shelton Benjamin
67%
WrestleMania 35 'The Demon' Finn Bálor
67%
WrestleMania 23 Umaga
67%
WrestleMania 22* Rob Van Dam
60%
WrestleMania 22* Matt Hardy
47%
WrestleMania 22* Ric Flair
40%
WrestleMania 36 Aleister Black
27%
No matching quizzes found
Score Distribution
Percent of People with Each Score
Percentile by Number Answered
Your Score History
You have not taken this quiz